Death in Venice

Salvato in:
Dettagli Bibliografici
Autore principale: Mann, Thomas (autor)
Natura: Libro
Lingua:inglese
Pubblicazione: Londres Secker and Warburg 1979
Soggetti:
Tags: Aggiungi Tag
Nessun Tag, puoi essere il primo ad aggiungerne!!

MARC

LEADER 00000cam a2200000 a 4500
001 UCF5362
003 CL-VaPUC
008 130307e19790000UK |||||||||||||||||eng|d
020 |a 0905712382 
082 0 4 |a 833  |b MAN  |2 21 
100 |a Mann, Thomas  |e autor  |9 338731 
245 1 0 |a Death in Venice 
246 1 0 |a Tristan 
246 1 0 |a Tonio Kroger 
246 1 0 |a Doctor Faustus 
246 1 0 |a Mario and the magician 
246 1 2 |a A man and his dog 
246 1 4 |a The black swan 
246 1 0 |a Confessions of Felix Krull, confidence man 
300 |a 809 p 
942 |c BK 
945 |d 20130307 00:00:00  |a dcastane 
260 |a Londres  |b Secker and Warburg  |c 1979 
650 0 |a Novelas alemanas   |9 265783 
650 0 |a Literatura alemana   |9 265457 
583 |a last modification  |c 20130307 11:37:00  |k Rodrigo Vera 
999 |c 350911  |d 350909 
952 |0 0  |1 0  |4 0  |6 833_000000000000000_MAN_1979  |7 0  |8 A  |9 454648  |a BIBEDU  |b BIBEDU  |d 2019-11-22  |i 4949269  |o 833 MAN 1979  |p 4949269  |r 2019-11-22  |w 2019-11-22  |y BK  |k LIT